Networking all-in-one for dummies/ (Record no. 89376)

MARC details
000 -LEADER
fixed length control field 00670nam a22002297a 4500
003 - CONTROL NUMBER IDENTIFIER
control field URS
005 - DATE AND TIME OF LATEST TRANSACTION
control field 20260216144519.0
008 - FIXED-LENGTH DATA ELEMENTS--GENERAL INFORMATION
fixed length control field 260216s2025 |||a|||| |||| 00| 0 eng d
020 ## - INTERNATIONAL STANDARD BOOK NUMBER
International Standard Book Number 978139427838
040 ## - CATALOGING SOURCE
Language of cataloging English
Transcribing agency URS
Modifying agency rda
050 ## - LIBRARY OF CONGRESS CALL NUMBER
Classification number TK 5105.5
Item number .L9513 2025
100 ## - MAIN ENTRY--PERSONAL NAME
Relator code author
Personal name Lowe, Doug
245 ## - TITLE STATEMENT
Title Networking all-in-one for dummies/
Statement of responsibility, etc Doug Lowe
264 ## - PUBLICATION, DISTRIBUTION, ETC. (IMPRINT)
Place of publication, distribution, etc Canada:
Name of publisher, distributor, etc John Wiley & Sons, Inc.
Date of publication, distribution, etc c2025
300 ## - PHYSICAL DESCRIPTION
Extent xxiv, 933 pages:
Other physical details illustrations;
Dimensions 23 cm.
336 ## - CONTENT TYPE
Source rdacontent
Content type term text
Content type code txt
337 ## - MEDIA TYPE
Source rdamedia
Media type term unmediated
Media type code n
338 ## - CARRIER TYPE
Source rdacarrier
Carrier type term volume
Carrier type code nc
504 ## - BIBLIOGRAPHY, ETC. NOTE
Bibliography, etc includes index
650 ## - SUBJECT ADDED ENTRY--TOPICAL TERM
Topical term or geographic name as entry element Computer networks
942 ## - ADDED ENTRY ELEMENTS (KOHA)
Source of classification or shelving scheme Library of Congress Classification
Koha item type Reserved Books
Holdings
Withdrawn status Lost status Source of classification or shelving scheme Damaged status Not for loan Home library Current library Shelving location Date acquired Source of acquisition Total Checkouts Full call number Barcode Date last seen Price effective from Koha item type
    Library of Congress Classification     Cainta College Library Cainta College Library Reserve Section 02/16/2026 Purchased   TK 5105.5 .L9513 2025 URSCAI-4932 02/16/2026 02/16/2026 Reserved Books

University of Rizal System
Email us at univlibservices@urs.edu.ph

Visit our Website www.urs.edu.ph/library